A nap in a lap / (Record no. 7157)

MARC details
000 -LEADER
fixed length control field 00926nam a22002897a 4500
001 - CONTROL NUMBER
control field 7157
003 - CONTROL NUMBER IDENTIFIER
control field FISKH
005 - DATE AND TIME OF LATEST TRANSACTION
control field 20250630133509.0
008 - FIXED-LENGTH DATA ELEMENTS--GENERAL INFORMATION
fixed length control field 250630b cb ||||| |||| 00| 0 eng d
020 ## - INTERNATIONAL STANDARD BOOK NUMBER
International Standard Book Number 9780439710015
040 ## - CATALOGING SOURCE
Original cataloging agency FISKH
Language of cataloging eng
Transcribing agency FISKH
Modifying agency FISKH
050 ## - LIBRARY OF CONGRESS CALL NUMBER
Classification number PZ8.W698 N
082 ## - DEWEY DECIMAL CLASSIFICATION NUMBER
Classification number 257
100 ## - MAIN ENTRY--PERSONAL NAME
Personal name Wilson, Sarah
245 ## - TITLE STATEMENT
Title A nap in a lap /
Statement of responsibility, etc. Sarah Wilson ; illustrated by Akemi Gutierrez
250 ## - EDITION STATEMENT
Edition statement First Scholastic printing, October 2004
260 ## - PUBLICATION, DISTRIBUTION, ETC.
Place of publication, distribution, etc. New York ;
Name of publisher, distributor, etc. Scholastic,
Date of publication, distribution, etc. 2003
300 ## - PHYSICAL DESCRIPTION
Extent 36 unnumbered pages :
Other physical details color illustrations ;
Dimensions 23 cm
505 ## - FORMATTED CONTENTS NOTE
Formatted contents note E<br/>
520 ## - SUMMARY, ETC.
Summary, etc. Baby animals nap in interesting places, but a tired little girl and her puppy like to nap in a lap.
521 8# - TARGET AUDIENCE NOTE
Target audience note 300<br/>
Source Lexile estimate<br/>
521 8# - TARGET AUDIENCE NOTE
Target audience note E<br/>
Source Raz-Plus<br/>
650 ## - SUBJECT ADDED ENTRY--TOPICAL TERM
Topical term or geographic name entry element Nap time
Form subdivision Places to sleep
700 ## - ADDED ENTRY--PERSONAL NAME
Personal name Gutierrez, Akemi
Relator term illustrator
942 ## - ADDED ENTRY ELEMENTS (KOHA)
Source of classification or shelving scheme Dewey Decimal Classification
Koha item type Books
Suppress in OPAC No

No items available.